Buteurs Francais coupe du monde 98 et 2018. - Statistiques

Statistiques générales
  • Ce quiz a été pris 1 317 fois
  • Le résultat moyen est 11 sur 15
Statistiques - réponses
Nombre de buts Joueurs % Correct
4 Mbappé
98%
2 Zidane
98%
4 Griezmann
95%
1 Pogba
90%
3 Henry
87%
2 Petit
83%
2 Thuram
82%
1 Umtiti
82%
1 Pavard
78%
1 Varane
75%
1 Blanc
70%
1 Trézeguet
63%
1 Djorkaeff
54%
1 Dugarry
49%
1 Lizarazu
45%
Aucun quiz correspondant
Distribution des résultats
% des personnes avec chaque résultat
Percentile par nombre de réponses
Votre historique - résultats
Vous n’avez pas pris ce quiz